|
|
|
|
| LEADER |
01518nam a2200325 a 4500 |
| 001 |
28513 |
| 003 |
BD-DhAAL |
| 005 |
20141207095454.0 |
| 008 |
141207s2004 nyu b 001 0 eng |
| 010 |
|
|
|a 2003066176
|
| 020 |
|
|
|a 0393977781 (pbk.)
|
| 040 |
|
|
|a DLC
|c DLC
|d DLC
|d BD-DhAAL
|
| 043 |
|
|
|a n-us---
|
| 050 |
0 |
0 |
|a PS508.N3
|b N67 2004
|
| 082 |
0 |
0 |
|a 810.8/0896073
|2 22
|
| 245 |
0 |
4 |
|a The Norton anthology of African American literature /
|c Henry Louis Gates, Jr., general editor, Nellie Y. McKay, general editor.
|
| 250 |
|
|
|a 2nd ed.
|
| 260 |
|
|
|a New York :
|b W.W. Norton & Co.,
|c c2004.
|
| 300 |
|
|
|a xlvii, 2776 p. ;
|c 24 cm +
|e 2 sound discs (digital ; 4 3/4 in.)
|
| 504 |
|
|
|a Includes bibliographical references (p. [2707]-2744) and index.
|
| 541 |
|
|
|e 28513
|
| 650 |
|
0 |
|a American literature
|x African American authors.
|9 6638
|
| 650 |
|
0 |
|a African Americans
|v Literary collections.
|9 6639
|
| 700 |
1 |
|
|a Gates, Henry Louis,
|c Jr.
|9 6640
|
| 700 |
1 |
|
|a McKay, Nellie Y.
|9 6641
|
| 942 |
|
|
|2 ddc
|c BK
|
| 999 |
|
|
|c 33245
|d 33245
|
| 952 |
|
|
|0 0
|1 0
|2 ddc
|4 0
|6 810_808960730000000_NOR
|7 0
|9 44376
|a BRACUL
|b BRACUL
|c GEN
|d 2014-12-07
|l 2
|m 5
|o 810.80896073 NOR
|p 3010028513
|r 2018-09-23
|s 2018-09-16
|t 1
|w 2014-12-07
|y BK
|
| 952 |
|
|
|0 0
|1 0
|2 ddc
|4 0
|6 810_808960730000000_NOR
|7 0
|9 44377
|a BRACUL
|b BRACUL
|c GEN
|d 2014-12-07
|l 0
|o 810.80896073 NOR
|p 4010028513A
|r 2014-12-07
|t 1
|w 2014-12-07
|y AV
|
| 952 |
|
|
|0 0
|1 0
|2 ddc
|4 0
|6 810_808960730000000_NOR
|7 0
|9 44378
|a BRACUL
|b BRACUL
|c GEN
|d 2014-12-07
|l 0
|o 810.80896073 NOR
|p 4010028513B
|r 2014-12-07
|t 2
|w 2014-12-07
|y AV
|